| 000 | 00453nam a2200133 a 4500 | ||
|---|---|---|---|
| 008 | 120416s1984 xx |||||||||||||| || u | ||
| 050 | _aTS 191.8 Sco | ||
| 100 | _aScott, Peter B | ||
| 245 | 1 | 4 | _aThe robotics revolution |
| 246 | _athe complete guide for managers | ||
| 260 | _c1984 | ||
| 350 | _a0.00 | ||
| 995 |
_D0.00 _FCBU-MAIN LIBRARY (Kitwe) _H1 _I0.00 _ULOST _ZMain Library Open Access Collection |
||
| 999 |
_c56634 _d56634 |
||